000 00726pam a2200217 a 4500
020 _c295.00 (PaperCover)
040 _aDental College Lib
041 _aeng
_h
082 _a610.015 195
_bPEA
100 _aPeat, Jennifer.
245 _aScientific Writing Easy when you know how /
_c.
_hTextual Documents
250 _a1st /
_b.
260 _aNew Delhi :
_bByword Viva Publishers Private Ltd. ,
_c2004.
300 _a421 ;
_c24X18.
365 _a295.00
653 _aResearch Methodology
907 _a2792
_a2793
_a2794
_a2795
_a2796
_a2797
_a2798
_a2799
_a2800
_a2801
_a2802
930 _a397
999 _c39800
_d39800